000
00287nam a2200121Ia 4500
008
150201s1997 xx 000 0 und d
082
_a
616.07
_b
C97M
100
_a
MCKEE,GRACE T
245
_a
CYTOPATHOLOGY
260
_b
MOSBY ELSEVIER
_a
DELHI
_c
1997
650
_a
PATHOLOGY
942
_2
ddc
_c
BK
999
_c
996
_d
996